| 000 | 00480nam a22001817a 4500 | ||
|---|---|---|---|
| 003 | CEME | ||
| 005 | 20210628203124.0 | ||
| 008 | 210201b xxu||||| |||| 00| 0 eng d | ||
| 020 | _a0387310738 | ||
| 040 | _c. | ||
| 082 | _a006.4 BIS | ||
| 100 |
_aBishop, Christopher M _963449 |
||
| 245 | _aPattern recognition and machine learning | ||
| 260 |
_aSINGAPORE _bSPRINGER _c2006 |
||
| 300 | _aXX, 738P | ||
| 650 |
_aPATTERN RECOGNITION.MACHINE LEARNING _963450 |
||
| 942 |
_cBK _2ddc |
||
| 999 |
_c572268 _d572268 |
||